| 000 | 00653nam a22001937a 4500 | ||
|---|---|---|---|
| 003 | NUST | ||
| 005 | 20250221124649.0 | ||
| 008 | 171002b xxu||||| |||| 00| 0 eng d | ||
| 040 | _cNUST | ||
| 082 | _a200 | ||
| 100 |
_aKhalid,Sheikh Ahmad _95127 |
||
| 245 |
_aRelationship between natural gas consumption and economic activity at the industrial and domestic sectors in Pakistan/ _cSheikh Ahmad Khalid, |
||
| 260 |
_aIslamabad _c2014 _bS3H-NUST |
||
| 300 | _a54p | ||
| 600 |
_xMS- Mass Communication _9127937 |
||
| 700 |
_aSupervisor: Dr. Faisal Jamil _9127939 |
||
| 856 | _uhttp://10.250.8.41:8080/xmlui/handle/123456789/3354 | ||
| 942 |
_2ddc _cSC |
||
| 999 |
_c331493 _d331493 |
||